000 01051nam a2200229 i 4500
001 000038104
003 DO-SdBNP
005 20240215093847.0
007 ta
008 110427s1937 dr 000 0 spa d
040 _aDO-SdBNP
_bspa
_cBNPHU
_erda
082 _222
_bR426
245 1 _aRepública Dominicana :
_bmemorandum de los Ministros plenipontenciarios de la República Dominicana en Washington, a los representantes diplomáticos de los Estados Unidos de América, Estados Unidos de Méjico, Cuba y Haiti, relativo a las medidas que pueden adoptarse para evitar rozamientos entre la República Dominicana y la de Haiti con motivo de la solicitud de mediación hecha por el Gobierno Haitiano el dia 12 de noviembre, 1937.
264 _aCiudad Trujillo, República Dominicana :
_bImprenta Listin Diario,,
_c1937
300 _a27 paginas ;
_c26 cm.
336 _2rdacontent
_atexto
_btxt
337 _2rdamedia
_asin mediación
_bn
338 _2rdacarrier
_avolumen
_bnc
590 _aInventariado, 2024/ DG
910 _aDG
942 _2ddc
_cLF2
999 _c55667
_d55667